| 000 | 00477nam a22001577a 4500 | ||
|---|---|---|---|
| 003 | macl | ||
| 005 | 20201024163040.0 | ||
| 008 | 201024b xxu||||| |||| 00| 0 eng d | ||
| 040 | _cmacl | ||
| 082 | _a500 | ||
| 100 |
_aमिश्र,डॉ श्याम नारायण _979162 |
||
| 245 | _aजल हमारा कल | ||
| 260 |
_aपिलानी _bकपिल प्रकाशन _c2019 |
||
| 650 |
_aविज्ञान _980466 |
||
| 942 |
_2ddc _cHIN |
||
| 999 |
_c63820 _d63820 |
||